| 000 | 02134nam a22004697a 4500 | ||
|---|---|---|---|
| 003 | AR-RoUNA | ||
| 005 | 20251028102017.0 | ||
| 008 | 251027b |||||||| |||| 00| 0 spa d | ||
| 020 | _a48-7762-478-X | ||
| 040 |
_aAR-RoUNA _dAR-RoUNA _bspa |
||
| 041 | _aspa | ||
| 044 | _aag | ||
| 110 | 2 |
_aEspaña. Universidad de Valladolid. _bEscuela Técnica Superior de Arquitectura de Valladolid. Taller de Proyectos Arquitectónicos III. _927527 |
|
| 245 | 1 | 0 |
_aEl Proyecto y la Memoria. _b Propuestas Arquitectónicas para el Centro Histórico de Avila. |
| 260 |
_aValladolid (España) : _bServer-Cuesta, _c1995. |
||
| 300 |
_a121 p.: _bmapas _c26x24 cm. |
||
| 505 | 0 | _tINDICE | |
| 505 | 0 | _tTEXTOS | |
| 505 | 0 | _rÁngel Luis Fernández Muñoz / Introducción. p. 4 | |
| 505 | 0 | _aDesarrollo. p. 5 | |
| 505 | 0 | _aOrdenación de áreas estrategias. p. 6 | |
| 505 | 0 | _aActuaciones sobre contenedores públicos. p. 9 | |
| 505 | 0 | _a Arquitecturas para la vivienda. p. 11 | |
| 505 | 0 | _rJunta Directiva del Colegio de Arquitectos de Avila / Evolución de la ciudad en el siglo XX. p. 14 | |
| 505 | 0 | _rJavier Elizalde / Notas sobre la protección de un conjunto histórico artístico. p. 24 | |
| 505 | 0 | _rAngel Hernández Díaz / La situación actual de Avila en orden ala protección y conservación de su Patrimonio. p. 52 | |
| 505 | 0 | _tPROYECTOS | |
| 505 | 0 | _a1. Ordenación de área de Arrabal del Puente. p. 60 | |
| 505 | 0 | _a2. Ordenación del área comprendido entre la cárcel Vieja y el Monasterio de Santa Teresa. p. 70 | |
| 505 | 0 | _a3. Centro de Estudios Místicos en el Palacio de los Serrano. p. 82 | |
| 505 | 0 | _a4. Ampliación del Museo de Arte Sacro en la Catedral. p. 90 | |
| 505 | 0 | _a5. Viviendas en el antiguo Barrio de Las Covachuelas. p. 100 | |
| 505 | 0 | _a6. Viviendas en el antiguo Hospital de Santa Escolástica. p. 112 | |
| 650 | 4 | _aUrbanismo | |
| 650 | 4 | _aPatrimonio cultural | |
| 650 | 4 | _aPatrimonio urbano | |
| 651 | 4 |
_aAvila (España) _927529 |
|
| 908 | _aImp | ||
| 942 |
_2udc _cLIB |
||
| 945 | _d2025-10-27 | ||
| 980 |
_65 _aMaría Machado _85 _gMaría Machado |
||
| 999 |
_c12194 _d12194 |
||